| 000 | 00692nam a2200217 a 4500 | ||
|---|---|---|---|
| 001 | 000032932 | ||
| 003 | OSt | ||
| 005 | 20240412074256.0 | ||
| 008 | 110802s1935 dr r 000 0 spa d | ||
| 040 |
_aDO-SdBNP _bspa _cBNPHU |
||
| 082 | 4 |
_aRD861.4 _bG993a |
|
| 100 | 1 |
_aGuzmán, F. Benjamín _923793 |
|
| 245 | 1 | 0 |
_aAlas en vuelo : _bpoemas en prosas / _cF. Benjamin Guzmán. |
| 260 |
_aSantiago, República Dominicana : _bImp. Tavárez, _c1935. |
||
| 300 |
_a1v. (con varias paginaciones) ; _c24 cm. |
||
| 590 | _aInventariado, 2019/BT | ||
| 650 | 4 |
_aPoesía dominicana _977207 |
|
| 650 | 0 |
_aLiteratura dominicana. _967 |
|
| 910 | _aValidado. Control de calidad MFF | ||
| 942 |
_2ddc _cLBS1 |
||
| 999 |
_c32423 _d32423 |
||